Memoirs of the Peabody Museum of American Archaeology and Ethnology, Harvard University. (Record no. 9248)

MARC details
000 -CABECERA
campo de control de longitud fija 01653nam a2200289 a 4500
001 - NÚMERO DE CONTROL
campo de control BRL_436
005 - FECHA Y HORA DE LA ÚLTIMA TRANSACCIÓN
campo de control 20190320210736.0
008 - DATOS DE LONGITUD FIJA--INFORMACIÓN GENERAL
campo de control de longitud fija 120813m18961942u--a######---#000-0#eng-#
041 ## - CÓDIGO DE LENGUA
Código de lengua del texto/banda sonora o título independiente eng
044 ## - CÓDIGO DEL PAÍS DE LA ENTIDAD EDITORA/PRODUCTORA
Código MARC del país u
050 #4 - SIGNATURA TOPOGRÁFICA DE LA BIBLIOTECA DEL CONGRESO
Número de clasificación E51
Número de documento/Ítem .M46 1896
245 10 - MENCIÓN DE TÍTULO
Título Memoirs of the Peabody Museum of American Archaeology and Ethnology, Harvard University.
260 ## - PUBLICACIÓN, DISTRIBUCIÓN, ETC.
Lugar de publicación, distribución, etc. Cambridge, Mass.
Nombre del editor, distribuidor, etc. The Museum
Fecha de publicación, distribución, etc. 1896-1942
300 ## - DESCRIPCIÓN FÍSICA
Extensión 8 v.
Otras características físicas il. (algunas a color)
Dimensiones 36 cm.
500 ## - NOTA GENERAL
Nota general v.1. Au445, v.2. Au443, v.3. Au444, v.4. Au442, v.5 Au447, v.6. Au446, v.7. Au440, v.8. Au441
504 ## - NOTA DE BIBLIOGRAFÍA, ETC.
Nota de bibliografía, etc. Incluye referencias bibliográficas e índice
505 0# - NOTA DE CONTENIDO CON FORMATO
Nota de contenido con formato Contenido: v.1, no.1. Prehistoric ruins of copan, Honduras. -- v.2, no.1. Researches in the central portion of the Usumatsintla Valley. -- v.3, no.1. Archaeological researches in Yucatan by Edward H. Thompson. -- v.4, no.1. Explorations of the upper Usumatsintla and adjacent region by Teobert Maler. -- v.5 Explorations in the deparment of Peten Guatemala Tikal by Teobert Maler.-- v.6. A study of Maya art its subject matter and historical development by Herbert J. Spinden. --v.7. Coclé and archaeological study of Central Panama, Part. 1 by Samuel Kirkland Lothrop. -- v.8. Coclé and archaeological study of Central Panama, Part. 2 by Samuel Kirkland Lothrop
650 14 - PUNTO DE ACCESO ADICIONAL DE MATERIA--TÉRMINO DE MATERIA
Término de materia o nombre geográfico como elemento de entrada Indígenas
9 (RLIN) 23296
650 14 - PUNTO DE ACCESO ADICIONAL DE MATERIA--TÉRMINO DE MATERIA
Término de materia o nombre geográfico como elemento de entrada Indígenas
Subdivisión general Antigüedades
9 (RLIN) 23908
650 14 - PUNTO DE ACCESO ADICIONAL DE MATERIA--TÉRMINO DE MATERIA
Término de materia o nombre geográfico como elemento de entrada Arqueología
9 (RLIN) 8098
650 14 - PUNTO DE ACCESO ADICIONAL DE MATERIA--TÉRMINO DE MATERIA
Término de materia o nombre geográfico como elemento de entrada Etnología
9 (RLIN) 23112
651 #4 - PUNTO DE ACCESO ADICIONAL DE MATERIA--NOMBRE GEOGRÁFICO
Nombre geográfico América
Subdivisión general Antigüedades
9 (RLIN) 9854
651 #4 - PUNTO DE ACCESO ADICIONAL DE MATERIA--NOMBRE GEOGRÁFICO
Nombre geográfico América Central
Subdivisión general Antigüedades
9 (RLIN) 23855
710 2# - PUNTO DE ACCESO ADICIONAL--NOMBRE DE ENTIDAD CORPORATIVA
Nombre de entidad corporativa o nombre de jurisdicción como elemento de entrada Peabody Museum of Archaeology and Ethnology
9 (RLIN) 23909
902 ## - CATALOGADOR
Iniciales GRL
942 ## - ELEMENTOS DE PUNTO DE ACCESO ADICIONAL (KOHA)
Fuente del sistema de clasificación o colocación Library of Congress Classification
Tipo de ítem Koha Libros
Holdings
Estado de retiro Estado de pérdida Estado dañado No para préstamo Localización permanente Ubicación/localización actual Fecha de adquisición Total de préstamos Signatura topográfica completa Código de barras Fecha visto por última vez Precio válido a partir de Tipo de ítem Koha
El ejemplar forma parte de la colección y puede ser consultado según las políticas vigentes.       Biblioteca Centro de Estudios Ruth D. Lechuga Biblioteca Centro de Estudios Ruth D. Lechuga 12/08/2013   E51 .M46 1896 GRL00464 22/03/2019 22/03/2019 Libros
El ejemplar forma parte de la colección y puede ser consultado según las políticas vigentes.       Biblioteca Centro de Estudios Ruth D. Lechuga Biblioteca Centro de Estudios Ruth D. Lechuga 26/08/2015   E51 .M46 1896 GRL00465 22/03/2019 22/03/2019 Libros
El ejemplar forma parte de la colección y puede ser consultado según las políticas vigentes.       Biblioteca Centro de Estudios Ruth D. Lechuga Biblioteca Centro de Estudios Ruth D. Lechuga 26/08/2015   E51 .M46 1896 GRL00466 22/03/2019 22/03/2019 Libros
El ejemplar forma parte de la colección y puede ser consultado según las políticas vigentes.       Biblioteca Centro de Estudios Ruth D. Lechuga Biblioteca Centro de Estudios Ruth D. Lechuga 26/08/2015   E51 .M46 1896 GRL00467 22/03/2019 22/03/2019 Libros
El ejemplar forma parte de la colección y puede ser consultado según las políticas vigentes.       Biblioteca Centro de Estudios Ruth D. Lechuga Biblioteca Centro de Estudios Ruth D. Lechuga 26/08/2015   E51 .M46 1896 GRL00468 22/03/2019 22/03/2019 Libros
El ejemplar forma parte de la colección y puede ser consultado según las políticas vigentes.       Biblioteca Centro de Estudios Ruth D. Lechuga Biblioteca Centro de Estudios Ruth D. Lechuga 26/08/2015   E51 .M46 1896 GRL00469 22/03/2019 22/03/2019 Libros
El ejemplar forma parte de la colección y puede ser consultado según las políticas vigentes.       Biblioteca Centro de Estudios Ruth D. Lechuga Biblioteca Centro de Estudios Ruth D. Lechuga 26/08/2015   E51 .M46 1896 GRL00470 22/03/2019 22/03/2019 Libros
El ejemplar forma parte de la colección y puede ser consultado según las políticas vigentes.       Biblioteca Centro de Estudios Ruth D. Lechuga Biblioteca Centro de Estudios Ruth D. Lechuga 14/01/2016   E51 .M46 1896 GRL01882 22/03/2019 22/03/2019 Libros